[Event "IECC P email"]
[Site "IECC email"]
[Date "1998.03.31"]
[Round "?"]
[White "Smaldone, Tony"]
[Black "Bortz, Jackie"]
[Result "0-1"]
[WhiteElo "1034"]
[BlackElo "1000"]
[PlyCount "90"]
[EventDate "1998.??.??"]
[EventType "tourn (corr)"]
[EventRounds "6"]
[SourceTitle "Corr 2008"]
[Source "ChessBase"]
[SourceDate "2008.06.24"]
[SourceVersion "1"]
[SourceVersionDate "2008.06.24"]
[SourceQuality "1"]

1. e4 e5 2. Nf3 Nc6 3. Nc3 Nf6 4. Bb5 Bb4 5. 0-0 0-0 6. a3 Be7 7. d3 Nd4 8. Ng5 h6 9. Nf3 Nxb5 10. Nxb5 a6 11. Nc3 d6 12. Be3 c5 13. b4 b6 14. bxc5 bxc5 15. Qb1 Bg4 16. Nh4 Rb8 17. Qa2 Be6 18. Nd5 Nxd5 19. exd5 Bd7 20. Nf3 Rb7 21. Rab1 Rxb1 22. Rxb1 a5 23. Bd2 Qa8 24. a4 Bc8 25. Rb5 Bd8 26. Qc4 Ba6 27. Rb8 Qxb8 28. Qxa6 Qb1+ 29. Ne1 Qd1 30. Bc3 Bg5 31. Bxa5 Bd2 32. Bxd2 Qxd2 33. h4 Rd8 34. a5 Qxe1+ 35. Kh2 Qxf2 36. Qb7 Qxh4+ 37. Kg1 Qe1+ 38. Kh2 Qxa5 39. g4 Qa8 40. Qe7 Qc8 41. Qh4 Re8 42. g5 Qf5 43. gxh6 Qh7 44. Qg5 Qxh6+ 45. Qxh6 gxh6 0-1